North American Sports Teams 1985-86 - Statistics

General Stats
  • This quiz has been taken 30 times
    16 since last reset
  • The average score is 82 of 133
Answer Stats
Hint Answer % Correct
British Columbia CFL: BC Lions
93%
Michigan NFL: Detroit Lions
93%
Maryland USFL: Baltimore Stars
87%
Washington MISL: Tacoma Stars
87%
Illinois NBA: Chicago Bulls
80%
Michigan MLB: Detroit Tigers
80%
Alberta NHL: Edmonton Oilers
80%
Texas NFL: Houston Oilers
80%
Florida USFL: Jacksonville Bulls
80%
Georgia MLB: Atlanta Braves
73%
Georgia NFL: Atlanta Falcons
73%
Georgia NBA: Atlanta Hawks
73%
Maryland MLB: Baltimore Orioles
73%
Alberta NHL: Calgary Flames
73%
Illinois NFL: Chicago Bears
73%
Illinois NHL: Chicago Blackhawks
73%
Illinois MLB: Chicago Cubs
73%
Ohio NFL: Cincinnati Bengals
73%
Ohio MLB: Cincinnati Reds
73%
Michigan NBA: Detroit Pistons
73%
Wisconsin NFL: Green Bay Packers
73%
Texas MLB: Houston Astros
73%
Missouri NFL: Kansas City Chiefs
73%
California NBA: Los Angeles Lakers
73%
California NFL: Los Angeles Raiders
73%
Florida NFL: Miami Dolphins
73%
Wisconsin MLB: Milwaukee Brewers
73%
Wisconsin NBA: Milwaukee Bucks
73%
Minnesota MLB: Minnesota Twins
73%
Minnesota NFL: Minnesota Vikings
73%
California MLB: Oakland Athletics
73%
California NFL: San Francisco 49ers
73%
Washington MLB: Seattle Mariners
73%
Washington NBA: Seattle SuperSonics
73%
Missouri MLB: | Missouri NFL: St. Louis Cardinals
73%
DC NFL: Washington Redskins
73%
Massachusetts NBA: Boston Celtics
67%
Massachusetts MLB: Boston Red Sox
67%
Alberta CFL: Calgary Stampeders
67%
California MLB: California Angels
67%
Illinois MLB: Chicago White Sox
67%
Ohio NFL: Cleveland Browns
67%
Ohio NBA: Cleveland Cavaliers
67%
Colorado NFL: Denver Broncos
67%
Colorado NBA: Denver Nuggets
67%
Michigan NHL: Detroit Red Wings
67%
California NBA: Golden State Warriors
67%
Texas NBA: Houston Rockets
67%
Indiana NBA: Indiana Pacers
67%
Indiana NFL: Indianapolis Colts
67%
Missouri MLB: Kansas City Royals
67%
California NBA: Los Angeles Clippers
67%
California MLB: Los Angeles Dodgers
67%
California NHL: Los Angeles Kings
67%
California MISL: Los Angeles Lazers
67%
California NFL: Los Angeles Rams
67%
Minnesota NHL: Minnesota North Stars
67%
Massachusetts NFL: New England Patriots
67%
New Jersey NBA: New Jersey Nets
67%
Louisiana NFL: New Orleans Saints
67%
New York NBA: New York Knicks
67%
New York MLB: New York Mets
67%
New York MLB: New York Yankees
67%
Pennsylvania NBA: Philadelphia 76ers
67%
Pennsylvania NFL: Philadelphia Eagles
67%
Pennsylvania MLB: Philadelphia Phillies
67%
Pennsylvania NHL: Pittsburgh Penguins
67%
Pennsylvania MLB: Pittsburgh Pirates
67%
Pennsylvania NFL: Pittsburgh Steelers
67%
Oregon NBA: Portland Trail Blazers
67%
California NBA: Sacramento Kings
67%
California NFL: San Diego Chargers
67%
California MLB: San Diego Padres
67%
California MLB: San Francisco Giants
67%
Washington NFL: Seattle Seahawks
67%
Missouri NHL: St. Louis Blues
67%
Florida NFL: Tampa Bay Buccaneers
67%
Texas MLB: Texas Rangers
67%
Ontario MLB: Toronto Blue Jays
67%
Utah NBA: Utah Jazz
67%
British Columbia NHL: Vancouver Canucks
67%
DC NBA: Washington Bullets
67%
DC NHL: Washington Capitals
67%
Kansas MISL: Wichita Wings
67%
Manitoba NHL: Winnipeg Jets
67%
Massachusetts NHL: Boston Bruins
60%
New York NHL: Buffalo Sabres
60%
Ohio MLB: Cleveland Indians
60%
Texas NFL: Dallas Cowboys
60%
Texas NBA: Dallas Mavericks
60%
Connecticut NHL: Hartford Whalers
60%
Quebec NHL: Montreal Canadiens
60%
Quebec MLB: Montreal Expos
60%
New Jersey NHL: New Jersey Devils
60%
New York NFL: New York Giants
60%
New York NHL: New York Islanders
60%
New York NFL: New York Jets
60%
New York NHL: New York Rangers
60%
Ontario CFL: Ottawa Rough Riders
60%
Pennsylvania NHL: Philadelphia Flyers
60%
Arizona NBA: Phoenix Suns
60%
Texas NBA: San Antonio Spurs
60%
Saskatchewan CFL: Saskatchewan Roughriders
60%
Ontario NHL: Toronto Maple Leafs
60%
Manitoba CFL: Winnipeg Blue Bombers
60%
New York NFL: Buffalo Bills
53%
Alberta CFL: Edmonton Eskimos
53%
Ontario CFL: Hamilton Tiger-Cats
53%
Quebec CFL: Montreal Concordes
53%
Quebec NHL: Quebec Nordiques
53%
Ontario CFL: Toronto Argonauts
53%
Alabama USFL: Birmingham Stallions
47%
New Jersey USFL: New Jersey Generals
47%
Arizona USFL: Arizona Outlaws
40%
Texas USFL: Houston Gamblers
40%
Florida USFL: Tampa Bay Bandits
40%
Colorado USFL: Denver Gold
33%
Missouri MISL: Kansas City Comets
33%
Florida USFL: Orlando Renegades
33%
Texas MISL: Dallas Sidekicks
27%
California USFL: Los Angeles Express
27%
Tennessee USFL: Memphis Showboats
27%
Pennsylvania MISL: Pittsburgh Spirit
27%
Oregon USFL: Portland Breakers
27%
Texas USFL: San Antonio Gunslingers
27%
Illinois MISL: Chicago Sting
20%
Ohio MISL: Cleveland Force
20%
Minnesota MISL: Minnesota Strikers
20%
California USFL: Oakland Invaders
20%
California MISL: San Diego Sockers
20%
Missouri MISL: St. Louis Steamers
20%
Maryland MISL: Baltimore Blast
13%
No matching quizzes found
Score Distribution
Percent of People with Each Score
Percentile by Number Answered
Your Score History
You have not taken this quiz since the last reset